000 01488cam a2200421 a 4500
001 74644
005 20230410120806.0
008 910708s1992 nyu b 001 0 eng
010 _a 91026015
035 _a(OCoLC)ocm24174784
040 _aDLC
_cDLC
_dOCJ
_dAGL
_dLFY
_dOCLCQ
_dBAKER
_dBTCTA
_dYDXCP
_dMUQ
_dOCLCG
020 _a0029161959 :
_c$22.95
020 _a9780029161951
029 1 _aNLGGC
_b085972703
029 1 _aYDXCP
_b10946
029 1 _aNZ1
_b3893497
029 1 _aAU@
_b000008345438
035 _a(OCoLC)24174784
043 _an-us---
050 1 4 _aHV4764
_bJ39a 1992
072 0 _aL800
072 0 _aX800
082 0 0 _a179/.3
_220
100 1 _aJasper, James M.,
_d1957-
245 1 4 _aThe animal rights crusade :
_bthe growth of a moral protest /
_cJames M. Jasper and Dorothy Nelkin.
260 _aNew York :
_bFree Press ;
_aToronto :
_bMaxwell Macmillan Canada ;
_aNew York :
_bMaxwell Macmillan International,
_c1992.
300 _ax, 214 p. ;
_c25 cm.
504 _aIncludes bibliographical references (p. 179-205) and index.
650 0 _aAnimal rights movement
_zUnited States.
650 6 _aMouvement pour la dâefense des droits des animaux
_zâEtats-Unis.
700 1 _aNelkin, Dorothy.
938 _aBaker & Taylor
_bBKTY
_c27.95
_d20.96
_i0029161959
_n0001955123
_sactive
938 _aBaker and Taylor
_bBTCP
_n91026015 //r92
_c$22.95
938 _aYBP Library Services
_bYANK
_n10946
942 _2lcc
_cbk
946 _accruz
994 _aC0
_bDRFGD
999 _c51970
_d51970